[Event "Schachfestival 2014 - Senioren"]
[Site "Woerishofen Bad"]
[Date "2014.03.25"]
[Round "5.56"]
[White "Bartlitz, Heinz"]
[Black "Eigenmann, Christina"]
[Result "1-0"]
[WhiteElo "1750"]
[BlackElo "1809"]
[PlyCount "69"]
[EventDate "2014.03.21"]
[EventType "swiss"]
[EventCountry "GER"]
[WhiteTeam "Bramfelder SK 1947 e.V."]
[WhiteTeamCountry "GER"]

1. e4 c6 2. d4 d5 3. exd5 cxd5 4. Bd3 Nc6 5. c3 Nf6 6. h3 e6 7. Bf4 Bd6 8. Bxd6
Qxd6 9. Nf3 O-O 10. O-O a6 11. Nbd2 b5 12. a3 Ne7 13. Re1 Ng6 14. Bxg6 hxg6 15.
Ne5 Nd7 16. Ndf3 Nxe5 17. Nxe5 Bd7 18. Qd2 Be8 19. Re3 f6 20. Nd3 g5 21. Rae1
Bf7 22. Qe2 Rfe8 23. Qg4 Re7 24. f4 Rae8 25. fxg5 e5 26. g6 Be6 27. Qh5 Kf8 28.
dxe5 Qb6 29. Kh1 Bg8 30. Qf3 d4 31. R3e2 dxc3 32. bxc3 Bc4 33. exf6 Qxf6 34.
Rxe7 Rxe7 35. Qa8+ 1-0

[Event "Schachfestival 2014 - Senioren"]
[Site "Woerishofen Bad"]
[Date "2014.03.25"]
[Round "5.38"]
[White "Ziltener, Werner"]
[Black "Gulinelli, Euro"]
[Result "1-0"]
[WhiteElo "2005"]
[BlackElo "1579"]
[PlyCount "73"]
[EventDate "2014.03.21"]
[EventType "swiss"]
[EventCountry "GER"]
[BlackTeam "Faenza"]
[BlackTeamCountry "ITA"]

1. Nf3 d5 2. d4 Nf6 3. c4 e6 4. Nc3 Be7 5. Bf4 c6 6. e3 O-O 7. Bd3 dxc4 8. Bxc4
Nd5 9. Bg3 Nd7 10. O-O b5 11. Bd3 b4 12. Ne4 N7f6 13. Ne5 Bb7 14. Rc1 Qb6 15.
Nc5 Bxc5 16. Rxc5 Rac8 17. Nc4 Qd8 18. Nd6 Rc7 19. Nxb7 Rxb7 20. Rxc6 Rb6 21.
Rc4 a5 22. e4 Qd7 23. exd5 Nxd5 24. Qc2 b3 25. axb3 Nb4 26. Qe2 Qb5 27. Rfc1
Na2 28. R1c2 Qxb3 29. Rc8 Nb4 30. Rxf8+ Kxf8 31. Rc3 Qa2 32. Ra3 Qd5 33. Bc4
Qxd4 34. Rxa5 Nd5 35. Be5 Rxb2 36. Qxb2 Qd1+ 37. Bf1 1-0

[Event "Schachfestival 2014 - Senioren"]
[Site "Woerishofen Bad"]
[Date "2014.03.25"]
[Round "5.12"]
[White "Young, Melvyn Jack"]
[Black "Mittermaier, Walter"]
[Result "1/2-1/2"]
[WhiteElo "1917"]
[BlackElo "2104"]
[PlyCount "32"]
[EventDate "2014.03.21"]
[EventType "swiss"]
[EventCountry "GER"]
[BlackTeam "SAbt TSV Haunstetten"]
[BlackTeamCountry "GER"]

1. e4 c6 2. d4 d5 3. exd5 cxd5 4. c4 Nf6 5. Nc3 Nc6 6. Nf3 Bg4 7. Qb3 Na5 8.
Qa4+ Bd7 9. Qc2 Nxc4 10. Nxd5 Nxd5 11. Bxc4 e6 12. O-O Be7 13. Ne5 O-O 14. Nxd7
Qxd7 15. Be3 Rac8 16. Qe2 Nxe3 1/2-1/2

[Event "Schachfestival 2014 - Senioren"]
[Site "Woerishofen Bad"]
[Date "2014.03.25"]
[Round "5.58"]
[White "Neiss, Albrecht"]
[Black "Westermayer, Johann"]
[Result "1/2-1/2"]
[WhiteElo "1633"]
[BlackElo "1643"]
[PlyCount "32"]
[EventDate "2014.03.21"]
[EventType "swiss"]
[EventCountry "GER"]
[WhiteTeam "SC Kirchseeon e.V."]
[WhiteTeamCountry "GER"]

1. d4 g6 2. c4 Bg7 3. Nc3 c5 4. d5 d6 5. e3 Nf6 6. Bd3 O-O 7. Nge2 Re8 8. O-O
e6 9. e4 exd5 10. exd5 a6 11. a4 b6 12. Bd2 Ra7 13. Rb1 Bg4 14. f3 Bc8 15. b4
Nbd7 16. Bc1 Ne5 1/2-1/2

[Event "Schachfestival 2014 - Senioren"]
[Site "Woerishofen Bad"]
[Date "2014.03.25"]
[Round "5.14"]
[White "Goris Schouwstra, Adri"]
[Black "Seyffer, Guenther"]
[Result "1/2-1/2"]
[WhiteElo "1886"]
[BlackElo "2054"]
[PlyCount "110"]
[EventDate "2014.03.21"]
[EventType "swiss"]
[EventCountry "GER"]
[BlackTeam "SK 1929 Jöhlingen"]
[BlackTeamCountry "GER"]

1. d4 c5 2. d5 d6 3. c4 Nf6 4. Nc3 g6 5. e4 Bg7 6. Bd3 O-O 7. Nge2 e6 8. O-O
exd5 9. cxd5 a6 10. a4 b6 11. h3 Qc7 12. Be3 Nbd7 13. Ng3 Rb8 14. f4 c4 15. Bc2
b5 16. axb5 axb5 17. Ra7 Qd8 18. Kh2 b4 19. Nce2 b3 20. Bb1 Bb7 21. Nc3 Ne8 22.
Bd4 Bxd4 23. Qxd4 Qb6 24. Qxb6 Nxb6 25. f5 Nf6 26. fxg6 fxg6 27. Nb5 Ne8 28.
Rxf8+ Kxf8 29. Nc3 Nd7 30. Nge2 Nc5 31. Nd4 Ra8 32. Rxa8 Bxa8 33. g4 Nf6 34.
Kg3 Nfd7 35. Kf4 h6 36. h4 Ne5 37. Nd1 Ncd3+ 38. Bxd3 Nxd3+ 39. Ke3 Bb7 40. g5
hxg5 41. hxg5 Ne5 42. Nc3 Ke7 43. Nf3 Nd3 44. Nd1 Bc8 45. Nd4 Bd7 46. Kd2 Nc5
47. Nc3 Bh3 48. Nc6+ Kd7 49. e5 Nd3 50. Na4 dxe5 51. Nb6+ Kd6 52. Nxc4+ Kxd5
53. Kxd3 Kxc6 54. Nxe5+ Kd5 55. Nxg6 Bf5+ 1/2-1/2

[Event "Schachfestival 2014 - Senioren"]
[Site "Woerishofen Bad"]
[Date "2014.03.25"]
[Round "5.8"]
[White "Nordby, Berndt"]
[Black "Di Lazzaro, Gabriele"]
[Result "1/2-1/2"]
[WhiteElo "2098"]
[BlackElo "1936"]
[PlyCount "43"]
[EventDate "2014.03.21"]
[EventType "swiss"]
[EventCountry "GER"]
[WhiteTeam "Sarpsborg SK"]
[WhiteTeamCountry "NOR"]

1. d4 Nf6 2. Nf3 c5 3. e3 g6 4. c4 cxd4 5. exd4 d5 6. Nc3 Bg7 7. Be3 O-O 8. h3
Nc6 9. Rc1 dxc4 10. Bxc4 Na5 11. Be2 Nd5 12. Nxd5 Qxd5 13. b4 Nc6 14. Bc4 Qd6
15. a3 b6 16. O-O Bb7 17. Qe2 e6 18. Rfd1 Ne7 19. Ba6 Bxa6 20. Qxa6 Nd5 21. Qd3
Rac8 22. Qd2 1/2-1/2

[Event "Schachfestival 2014 - Senioren"]
[Site "Woerishofen Bad"]
[Date "2014.03.25"]
[Round "5.55"]
[White "Kuhn, Hans"]
[Black "Aufmwasser, Guenter"]
[Result "0-1"]
[WhiteElo "1561"]
[BlackElo "1704"]
[PlyCount "64"]
[EventDate "2014.03.21"]
[EventType "swiss"]
[EventCountry "GER"]
[BlackTeam "Schachverein 1922 Hilden"]
[BlackTeamCountry "GER"]

1. e4 d6 2. Nf3 g6 3. d4 Bg7 4. Be3 Nf6 5. Nbd2 O-O 6. c3 Nbd7 7. Be2 e5 8. d5
Ng4 9. Bg5 f6 10. Bh4 Nh6 11. h3 g5 12. Bg3 f5 13. Bh2 f4 14. g3 Kh8 15. gxf4
gxf4 16. Rg1 Nf7 17. Rg2 Nb6 18. h4 Bd7 19. h5 Rg8 20. Ng1 Bh6 21. Bf3 Rxg2 22.
Bxg2 Qf6 23. Bh3 Rg8 24. Bxd7 Nxd7 25. Qe2 Ng5 26. O-O-O f3 27. Ngxf3 Nxf3 28.
Bg3 Nxd2 29. Rxd2 Bxd2+ 30. Kxd2 Qg5+ 31. Kc2 Nf6 32. Qf1 Nxe4 0-1

[Event "Schachfestival 2014 - Senioren"]
[Site "Woerishofen Bad"]
[Date "2014.03.25"]
[Round "5.26"]
[White "Mombelli, Antonio"]
[Black "Haakert, Karl"]
[Result "1-0"]
[WhiteElo "1806"]
[BlackElo "1943"]
[PlyCount "75"]
[EventDate "2014.03.21"]
[EventType "swiss"]
[EventCountry "GER"]
[BlackTeam "Schachverein Turm Mülheim 1931 e.V."]
[BlackTeamCountry "GER"]

1. e4 e5 2. Nf3 Nf6 3. Nxe5 d6 4. Nf3 Nxe4 5. c4 Nc6 6. Nc3 Nxc3 7. bxc3 Be7 8.
d4 d5 9. h3 O-O 10. cxd5 Qxd5 11. Bd3 Re8 12. O-O Bf6 13. Qc2 g6 14. Nd2 Qh5
15. Ne4 Bg7 16. Bf4 Qa5 17. Nc5 b6 18. Nb3 Qh5 19. Bxc7 Bb7 20. Bf4 Nd8 21.
Rfe1 Ne6 22. Be2 Qh4 23. Bg3 Qg5 24. Qd2 Qd8 25. Bd3 Rc8 26. Re2 Bd5 27. Rae1
Qd7 28. a4 Bxb3 29. Bb5 Qd5 30. Bxe8 Rxe8 31. Be5 Bc4 32. Re3 Bh6 33. f4 f5 34.
g3 Nc5 35. g4 Ne4 36. Qb2 Re6 37. h4 fxg4 38. Rxe4 1-0

[Event "Schachfestival 2014 - Senioren"]
[Site "Woerishofen Bad"]
[Date "2014.03.25"]
[Round "5.4"]
[White "Boettcher, Ulrich"]
[Black "Bhend, Edwin"]
[Result "0-1"]
[WhiteElo "2078"]
[BlackElo "2200"]
[PlyCount "108"]
[EventDate "2014.03.21"]
[EventType "swiss"]
[EventCountry "GER"]
[BlackTeam "Trümmerfeld"]
[BlackTeamCountry "SUI"]

1. c4 e5 2. Nc3 d6 3. g3 Nf6 4. Bg2 Be7 5. e4 O-O 6. d3 c6 7. Nge2 Be6 8. f4
Bg4 9. h3 Bxe2 10. Qxe2 Nbd7 11. O-O Ne8 12. f5 Bg5 13. Kh2 Bxc1 14. Raxc1 a6
15. Rc2 Nc7 16. g4 Qg5 17. Qf2 Ne8 18. Qg3 Ndf6 19. Bf3 h5 20. gxh5 Qxg3+ 21.
Kxg3 Kh7 22. Rg1 Rh8 23. Kh4 Kg8 24. Rcg2 Kf8 25. b4 Ke7 26. b5 axb5 27. cxb5
Ra3 28. Rc2 c5 29. Be2 Kd8 30. Nb1 Ra4 31. Nc3 Rd4 32. Rd1 b6 33. Bf3 Nxh5 34.
Bxh5 Nf6 35. Rh2 Nxh5 36. Kg4 Nf4 37. Ne2 Nxe2 38. Rxe2 Ke7 39. Rdd2 Ra8 40.
Kf3 Ra3 41. Re3 Kf6 42. h4 Rb4 43. Rh2 Rxb5 44. h5 Rb1 45. h6 Rf1+ 46. Kg3 gxh6
47. Rxh6+ Ke7 48. Rh8 Rxa2 49. Rb8 Ra6 50. Kg2 Rb1 51. Rb7+ Kf6 52. Rh3 Ra2+
53. Kf3 Rf1+ 54. Ke3 Rff2 0-1

[Event "Schachfestival 2014 - Senioren"]
[Site "Woerishofen Bad"]
[Date "2014.03.25"]
[Round "5.50"]
[White "Wawrinsky, Ludwig"]
[Black "Hartlaub, Marianne"]
[Result "1-0"]
[WhiteElo "1817"]
[BlackElo "1596"]
[PlyCount "57"]
[EventDate "2014.03.21"]
[EventType "swiss"]
[EventCountry "GER"]
[WhiteTeam "1.Schachklub Neuperlach e.V."]
[BlackTeam "SK 1982 Klingenberg/Main"]
[WhiteTeamCountry "GER"]
[BlackTeamCountry "GER"]

1. e4 g6 2. g3 Bg7 3. Bg2 d6 4. d3 e5 5. c3 Nf6 6. f4 Nbd7 7. Nf3 O-O 8. O-O c6
9. Na3 b5 10. Nc2 a5 11. Ne3 Qb6 12. Kh1 h6 13. f5 Nh7 14. fxg6 fxg6 15. Nh4 g5
16. Nhf5 Rf6 17. Qh5 Qd8 18. Ng4 Ndf8 19. Nfxh6+ Rxh6 20. Nxh6+ Bxh6 21. Qxh6
Qe7 22. Be3 Be6 23. Rf2 Qg7 24. Qxg7+ Kxg7 25. a3 Rd8 26. Raf1 d5 27. d4 Ng6
28. dxe5 dxe4 29. Bxe4 1-0

[Event "Schachfestival 2014 - Senioren"]
[Site "Woerishofen Bad"]
[Date "2014.03.25"]
[Round "5.15"]
[White "Klempt, Guenter"]
[Black "Abegg, Beat"]
[Result "1/2-1/2"]
[WhiteElo "2052"]
[BlackElo "1910"]
[PlyCount "89"]
[EventDate "2014.03.21"]
[EventType "swiss"]
[EventCountry "GER"]
[WhiteTeam "Bochumer Schachverein 02"]
[BlackTeam "SK Altdorf"]
[WhiteTeamCountry "GER"]
[BlackTeamCountry "GER"]

1. d4 d5 2. c4 c6 3. Nf3 Nf6 4. Nc3 dxc4 5. e4 b5 6. Qc2 e6 7. a4 Bb4 8. Bd2
Qa5 9. Be2 Bb7 10. O-O Qb6 11. Be3 a6 12. d5 c5 13. dxe6 Qxe6 14. axb5 axb5 15.
Rxa8 Bxa8 16. Nxb5 Qc6 17. Qxc4 O-O 18. Rd1 Qxe4 19. Qxe4 Bxe4 20. Ne5 Nd5 21.
Bc1 Nb6 22. Rd6 Nc8 23. Rd1 Bc2 24. Rf1 Re8 25. Bd3 Bb3 26. Bf4 f6 27. Nf3 Nc6
28. Bf5 N8e7 29. Nc7 Rd8 30. Be6+ Bxe6 31. Nxe6 Rd7 32. Be3 c4 33. Rc1 Kf7 34.
Ned4 Nxd4 35. Nxd4 Rc7 36. Kf1 Nd5 37. Ke2 g6 38. g3 Ba5 39. Nb5 Rc6 40. Nd4
Rc8 41. Nb5 Ke6 42. Bd2 Bxd2 43. Kxd2 Rb8 44. Nd4+ Kd6 45. Rxc4 1/2-1/2

[Event "Schachfestival 2014 - Senioren"]
[Site "Woerishofen Bad"]
[Date "2014.03.25"]
[Round "5.47"]
[White "Dallmeier, Gerhard"]
[Black "Mircoli, Filippo"]
[Result "0-1"]
[WhiteElo "1852"]
[BlackElo "1674"]
[PlyCount "54"]
[EventDate "2014.03.21"]
[EventType "swiss"]
[EventCountry "GER"]
[WhiteTeam "SK Roland Weissenfels"]
[BlackTeam "Castelfidardo"]
[WhiteTeamCountry "GER"]
[BlackTeamCountry "ITA"]

1. e4 c5 2. Nf3 e6 3. d4 cxd4 4. Nxd4 a6 5. Nc3 Bb4 6. Bd3 Nc6 7. Be3 Nge7 8.
f4 d5 9. e5 Nxd4 10. Bxd4 Nc6 11. a3 Ba5 12. Be2 Nxd4 13. Qxd4 O-O 14. O-O-O
Bd7 15. g4 Rc8 16. Na2 Bb6 17. Qd3 Ba4 18. Nc3 Bc6 19. Rhg1 Bxg1 20. Rxg1 d4
21. Ne4 Bb5 22. Qd1 Bxe2 23. Qxe2 d3 24. Qe3 Rxc2+ 25. Kb1 Re2 26. Qf3 Qd4 27.
Rd1 Qxb2# 0-1

[Event "Schachfestival 2014 - Senioren"]
[Site "Woerishofen Bad"]
[Date "2014.03.25"]
[Round "5.44"]
[White "Meul, Willi"]
[Black "Collins, Alan"]
[Result "1-0"]
[WhiteElo "1880"]
[BlackElo "1732"]
[PlyCount "41"]
[EventDate "2014.03.21"]
[EventType "swiss"]
[EventCountry "GER"]
[WhiteTeam "Schachverein 1925 Hürth-Berrenra"]
[BlackTeam "Cowley"]
[WhiteTeamCountry "GER"]
[BlackTeamCountry "ENG"]

1. d4 d6 2. c4 e5 3. dxe5 dxe5 4. Qxd8+ Kxd8 5. Nc3 c6 6. Nf3 f6 7. e4 Be6 8.
Be3 Nd7 9. O-O-O Kc7 10. Be2 Be7 11. Ne1 Bc5 12. Nc2 Bxe3+ 13. Nxe3 Nh6 14. Rd2
Nf7 15. Bg4 Bxg4 16. Nxg4 Rad8 17. Rhd1 Nb6 18. Ne3 Rxd2 19. Rxd2 Rd8 20. c5
Rxd2 21. cxb6+ 1-0

[Event "Schachfestival 2014 - Senioren"]
[Site "Woerishofen Bad"]
[Date "2014.03.25"]
[Round "5.31"]
[White "Koenigl, Anton"]
[Black "Mahrla, Hans"]
[Result "1/2-1/2"]
[WhiteElo "1917"]
[BlackElo "1842"]
[PlyCount "72"]
[EventDate "2014.03.21"]
[EventType "swiss"]
[EventCountry "GER"]
[WhiteTeam "FC Ergolding 1932 e.V."]
[BlackTeam "SC Eichenau"]
[WhiteTeamCountry "GER"]
[BlackTeamCountry "GER"]

1. e4 e6 2. d4 d5 3. Bd3 c5 4. c3 Nc6 5. Ne2 cxd4 6. cxd4 dxe4 7. Bxe4 Nf6 8.
Bd3 Be7 9. a3 a6 10. O-O b5 11. Bc2 Bb7 12. Nbc3 Rc8 13. Qd3 Qc7 14. Be3 Bd6
15. h3 Ne7 16. Rac1 Qd7 17. f3 Ned5 18. Bd2 Nh5 19. Ne4 Bb8 20. Bb1 Nhf4 21.
Nxf4 Nxf4 22. Qe3 Rxc1 23. Bxc1 Qe7 24. Bd2 Nd5 25. Qf2 O-O 26. g3 Ba7 27. Nc5
Bc8 28. Kg2 Re8 29. Be4 Qd6 30. Re1 Rd8 31. Ba5 Re8 32. f4 g6 33. Bf3 Nf6 34.
Rd1 Nd5 35. Ne4 Qe7 36. Qd2 Bb7 1/2-1/2

[Event "Schachfestival 2014 - Senioren"]
[Site "Woerishofen Bad"]
[Date "2014.03.25"]
[Round "5.6"]
[White "Hein, Manfred"]
[Black "Maes, Valeer"]
[Result "1/2-1/2"]
[WhiteElo "2064"]
[BlackElo "2165"]
[PlyCount "62"]
[EventDate "2014.03.21"]
[EventType "swiss"]
[EventCountry "GER"]
[WhiteTeam "FC Gunzenhausen 1910 e.V"]
[BlackTeam "KSK 47 Eynatten"]
[WhiteTeamCountry "GER"]
[BlackTeamCountry "BEL"]

1. e4 e6 2. d4 d5 3. exd5 exd5 4. Nf3 Nf6 5. Bd3 Bg4 6. O-O Be7 7. h3 Bh5 8.
Bf4 O-O 9. Nbd2 Nbd7 10. c3 Bg6 11. Qc2 c6 12. Rfe1 Re8 13. Re3 Qb6 14. Bxg6
hxg6 15. Rae1 Bf8 16. Ne5 Red8 17. Bg5 c5 18. Ndf3 cxd4 19. Nxd4 Nxe5 20. Rxe5
Bd6 21. R5e2 Bc5 22. Qd3 Re8 23. Bxf6 Rxe2 24. Rxe2 Qxf6 25. Nb3 Bb6 26. g3 Rd8
27. Nd4 a6 28. Kg2 Bc5 29. Nb3 Bb6 30. Nd4 Bc5 31. Rd2 Bb6 1/2-1/2

[Event "Schachfestival 2014 - Senioren"]
[Site "Woerishofen Bad"]
[Date "2014.03.25"]
[Round "5.5"]
[White "Goy, Udo"]
[Black "Mentel, Juergen"]
[Result "1-0"]
[WhiteElo "2178"]
[BlackElo "2014"]
[PlyCount "43"]
[EventDate "2014.03.21"]
[EventType "swiss"]
[EventCountry "GER"]
[WhiteTeam "Ford-Schachfreunde Köln e.V."]
[BlackTeam "Greifswalder SV"]
[WhiteTeamCountry "GER"]
[BlackTeamCountry "GER"]

1. d4 d6 2. e4 Nf6 3. Nc3 c6 4. a4 a5 5. f4 Qb6 6. e5 Nd5 7. exd6 exd6 8. Nxd5
cxd5 9. Nf3 Be7 10. Bd3 O-O 11. O-O Nd7 12. Re1 Bd8 13. c3 Nf6 14. h3 Bd7 15.
Qc2 g6 16. f5 Ne8 17. Bh6 Ng7 18. g4 Re8 19. fxg6 Rxe1+ 20. Rxe1 Bf6 21. gxf7+
Kxf7 22. Bxh7 1-0

[Event "Schachfestival 2014 - Senioren"]
[Site "Woerishofen Bad"]
[Date "2014.03.25"]
[Round "5.54"]
[White "Girod, Gudrun"]
[Black "Koppenhoefer, Heinz"]
[Result "1/2-1/2"]
[WhiteElo "1565"]
[BlackElo "1710"]
[PlyCount "82"]
[EventDate "2014.03.21"]
[EventType "swiss"]
[EventCountry "GER"]
[WhiteTeam "Hannover 96"]
[BlackTeam "TSV Solln Schachabteilung"]
[WhiteTeamCountry "GER"]
[BlackTeamCountry "GER"]

1. d4 d5 2. Bf4 Bf5 3. Nf3 Nc6 4. e3 a6 5. Bd3 Bg4 6. c3 e6 7. Be2 Bd6 8. Bxd6
Qxd6 9. O-O O-O-O 10. Nbd2 f5 11. a3 Nf6 12. b4 Bxf3 13. Nxf3 Nd7 14. b5 axb5
15. Bxb5 Nb6 16. Bxc6 Qxc6 17. Ne5 Qe8 18. Rc1 g5 19. c4 dxc4 20. Nxc4 Nxc4 21.
Rxc4 h5 22. Qc2 Qd7 23. Rc1 Rh7 24. Qa4 Qxa4 25. Rxa4 Kb8 26. Rac4 Rhd7 27. a4
f4 28. a5 Rc8 29. Rc5 Rd5 30. Rxd5 exd5 31. exf4 gxf4 32. Re1 c5 33. dxc5 Rxc5
34. Ra1 Ka7 35. h3 Ka6 36. f3 Rxa5 37. Re1 Kb5 38. Re5 Kc4 39. Rxh5 Ra2 40. Rf5
Kd4 41. Rxf4+ Kc3 1/2-1/2

[Event "Schachfestival 2014 - Senioren"]
[Site "Woerishofen Bad"]
[Date "2014.03.25"]
[Round "5.18"]
[White "Eichler, Gottfried"]
[Black "Knollmueller, Peter"]
[Result "1/2-1/2"]
[WhiteElo "2030"]
[BlackElo "1853"]
[PlyCount "40"]
[EventDate "2014.03.21"]
[EventType "swiss"]
[EventCountry "GER"]
[WhiteTeam "MTV Dannenberg"]
[BlackTeam "SK Töging"]
[WhiteTeamCountry "GER"]
[BlackTeamCountry "GER"]

1. d4 Nf6 2. Nf3 d5 3. e3 e6 4. Bd3 Be7 5. O-O O-O 6. Ne5 c5 7. c3 Nbd7 8. f4
Nxe5 9. fxe5 Ne4 10. Bxe4 dxe4 11. Qg4 f5 12. exf6 Rxf6 13. Rxf6 Bxf6 14. Qxe4
e5 15. d5 b5 16. b3 c4 17. bxc4 Bb7 18. Nd2 bxc4 19. Qxc4 Bxd5 20. Qe2 e4
1/2-1/2

[Event "Schachfestival 2014 - Senioren"]
[Site "Woerishofen Bad"]
[Date "2014.03.25"]
[Round "5.28"]
[White "Meinke, Dietlind"]
[Black "Blosze, Winfried"]
[Result "0-1"]
[WhiteElo "1925"]
[BlackElo "1857"]
[PlyCount "100"]
[EventDate "2014.03.21"]
[EventType "swiss"]
[EventCountry "GER"]
[WhiteTeam "MTV Leck von 1889"]
[BlackTeam "SV Königsspringer 1929 Grossauheim"]
[WhiteTeamCountry "GER"]
[BlackTeamCountry "GER"]

1. e4 e5 2. Nf3 Nc6 3. Bb5 a6 4. Ba4 Nf6 5. O-O Nxe4 6. Re1 Nf6 7. Nxe5 Nxe5 8.
Rxe5+ Be7 9. d4 b5 10. Bb3 h6 11. Qf3 Rb8 12. Qg3 Kf8 13. Re1 d5 14. Bf4 Rb7
15. Nc3 Nh5 16. Qf3 Nxf4 17. Qxf4 c6 18. Ne2 Bd6 19. Qf3 g6 20. Ng3 Kg7 21. c3
h5 22. h3 h4 23. Nf1 Bf5 24. Ne3 Be4 25. Qe2 Qg5 26. Bc2 Qf4 27. Ng4 Re7 28.
Bxe4 Rxe4 29. Qf3 Qxf3 30. gxf3 Rf4 31. Kg2 Rh5 32. Re3 c5 33. dxc5 Bxc5 34.
Re5 Rxg4+ 35. fxg4 Rxe5 36. Kf3 f6 37. Rd1 Kf7 38. Rd2 Ke6 39. b3 g5 40. Kg2 f5
41. gxf5+ Rxf5 42. f3 Re5 43. b4 Ba7 44. a4 Re3 45. axb5 axb5 46. Ra2 Bb8 47.
Ra5 Rxc3 48. Rxb5 Bd6 49. Rb7 Rc2+ 50. Kg1 d4 0-1

[Event "Schachfestival 2014 - Senioren"]
[Site "Woerishofen Bad"]
[Date "2014.03.25"]
[Round "5.16"]
[White "Krotofil, Kurt"]
[Black "Johnsen, Oystein"]
[Result "0-1"]
[WhiteElo "1914"]
[BlackElo "2048"]
[PlyCount "56"]
[EventDate "2014.03.21"]
[EventType "swiss"]
[EventCountry "GER"]
[WhiteTeam "Niendorfer TSV 1919 SAbt"]
[BlackTeam "Tönsberg"]
[WhiteTeamCountry "GER"]
[BlackTeamCountry "NOR"]

1. d4 f5 2. e4 fxe4 3. Nc3 Nf6 4. Bg5 c6 5. f3 exf3 6. Nxf3 d6 7. Bc4 Bg4 8.
O-O Nbd7 9. Qd2 Qb6 10. a4 Bxf3 11. Rxf3 Ne5 12. Be6 Nxf3+ 13. gxf3 a5 14. Be3
d5 15. Bf4 g6 16. Ra3 Bg7 17. Rb3 Qa7 18. Bc7 b5 19. Qf4 b4 20. Ne2 Rf8 21. h3
Nh5 22. Qh2 Bxd4+ 23. Kg2 Be3 24. Rd3 g5 25. Bg4 Nf4+ 26. Nxf4 Bxf4 27. Bxf4
gxf4 28. h4 e5 0-1

[Event "Schachfestival 2014 - Senioren"]
[Site "Woerishofen Bad"]
[Date "2014.03.25"]
[Round "5.7"]
[White "Ofstad, Per"]
[Black "Harsch, Martin"]
[Result "1/2-1/2"]
[WhiteElo "2164"]
[BlackElo "2013"]
[PlyCount "44"]
[EventDate "2014.03.21"]
[EventType "swiss"]
[EventCountry "GER"]
[WhiteTeam "Oslo Schakselskap"]
[BlackTeam "Roche Basel"]
[WhiteTeamCountry "NOR"]
[BlackTeamCountry "SUI"]

1. e4 c6 2. d4 d5 3. Nc3 dxe4 4. Nxe4 Nd7 5. Ng5 Ngf6 6. Bd3 e6 7. Qe2 Bd6 8.
N1f3 h6 9. Ne4 Nxe4 10. Qxe4 Nf6 11. Qe2 Qc7 12. O-O O-O 13. Re1 c5 14. h3 b6
15. b3 cxd4 16. Nxd4 Bb4 17. c3 Bc5 18. Be3 Bb7 19. Rac1 Rfd8 20. Red1 Rac8 21.
Bc4 Bd5 22. Ba6 Bb7 1/2-1/2

[Event "Schachfestival 2014 - Senioren"]
[Site "Woerishofen Bad"]
[Date "2014.03.25"]
[Round "5.21"]
[White "Hager, Eberhard"]
[Black "Jaeger, Erich"]
[Result "1/2-1/2"]
[WhiteElo "1882"]
[BlackElo "1963"]
[PlyCount "85"]
[EventDate "2014.03.21"]
[EventType "swiss"]
[EventCountry "GER"]
[WhiteTeam "SC Friedberg im Gehörl. Sportver"]
[BlackTeam "PTSV Neustadt"]
[WhiteTeamCountry "GER"]
[BlackTeamCountry "GER"]

1. e4 c5 2. Nf3 d6 3. d4 cxd4 4. Nxd4 Nf6 5. Nc3 a6 6. Bd3 e6 7. O-O b5 8. a3
Bb7 9. Qf3 Nbd7 10. Qg3 Rc8 11. f4 g6 12. Nf3 Nc5 13. Qe1 Bg7 14. f5 Nxd3 15.
cxd3 O-O 16. fxg6 hxg6 17. Bg5 Qb6+ 18. Kh1 b4 19. Na4 Qb5 20. Qxb4 Qxb4 21.
axb4 Rc2 22. Nd4 Rc7 23. Bxf6 Bxf6 24. Rxf6 Rfc8 25. Raf1 e5 26. Nf3 Rc1 27.
Ng5 Rxf1+ 28. Rxf1 f6 29. Nf3 f5 30. exf5 gxf5 31. Kg1 Rc2 32. Ne1 Rc1 33. Nb6
e4 34. dxe4 fxe4 35. Kf2 d5 36. Nd7 d4 37. Ke2 Rb1 38. Nf6+ Kh8 39. Nxe4 Bxe4
40. Rf4 Rxb2+ 41. Kd1 Rb1+ 42. Kd2 Rb2+ 43. Kd1 1/2-1/2

[Event "Schachfestival 2014 - Senioren"]
[Site "Woerishofen Bad"]
[Date "2014.03.25"]
[Round "5.25"]
[White "Paulsen, Eckart"]
[Black "Schmidt, Eugen"]
[Result "0-1"]
[WhiteElo "1856"]
[BlackElo "1958"]
[PlyCount "104"]
[EventDate "2014.03.21"]
[EventType "swiss"]
[EventCountry "GER"]
[WhiteTeam "Post SV Neustadt"]
[BlackTeam "SF Oos e.V."]
[WhiteTeamCountry "GER"]
[BlackTeamCountry "GER"]

1. d4 g6 2. Bf4 d6 3. Nf3 Bg7 4. e3 Nf6 5. Be2 h6 6. h3 O-O 7. Bh2 c6 8. c3
Nbd7 9. Nbd2 Re8 10. O-O e5 11. dxe5 dxe5 12. Nc4 Nh7 13. Qc2 b5 14. Nd6 Re6
15. Rfd1 Qc7 16. Ne4 f5 17. Ng3 Kh8 18. Rd2 Rd6 19. Rxd6 Qxd6 20. Rd1 Qe7 21.
Nxe5 Nxe5 22. Qd2 Be6 23. b3 Nf7 24. Qc2 Rd8 25. Rxd8+ Qxd8 26. Bf3 Ne5 27. Be2
a6 28. Nf1 c5 29. Nd2 Qg8 30. Qd1 Nf8 31. f4 Ned7 32. c4 b4 33. Nf3 Qf7 34. Qd6
Qf6 35. Ne5 Nxe5 36. fxe5 Qf7 37. Qxc5 Qb7 38. Qd4 Qc7 39. c5 Nd7 40. Qd6 Qxd6
41. cxd6 a5 42. Bb5 Nxe5 43. Bxe5 Bxe5 44. d7 Bc7 45. Kf2 Kg7 46. Kf3 Kf8 47.
e4 Ke7 48. exf5 Bxf5 49. g4 Bxd7 50. Bd3 Kf6 51. h4 g5 52. hxg5+ Kxg5 0-1

[Event "Schachfestival 2014 - Senioren"]
[Site "Woerishofen Bad"]
[Date "2014.03.25"]
[Round "5.37"]
[White "Schuler, Georg"]
[Black "Bretscher, Robert"]
[Result "1-0"]
[WhiteElo "1888"]
[BlackElo "1631"]
[PlyCount "47"]
[EventDate "2014.03.21"]
[EventType "swiss"]
[EventCountry "GER"]
[WhiteTeam "SV Balingen"]
[BlackTeam "Roche Basel"]
[WhiteTeamCountry "GER"]
[BlackTeamCountry "SUI"]

1. c4 c5 2. Nc3 Nc6 3. g3 e5 4. Bg2 Nf6 5. e3 Be7 6. Nge2 a6 7. O-O d6 8. d4
O-O 9. a3 Qc7 10. d5 Nb8 11. b3 Bg4 12. h3 Bf5 13. g4 Bg6 14. Ng3 h6 15. f4
exf4 16. exf4 Nbd7 17. Bb2 Ne8 18. f5 Bh7 19. Re1 Bf6 20. Na4 Ne5 21. Nh5 Bh4
22. Re2 f6 23. Nf4 Qd7 24. Nb6 1-0